00366 2200145 4500245005800000020002200058250001100080100001600091005001900107260004200126041001400168084000800182300002100190336000900211 aThe Mystery of the Vanished PrincecEnid BlytonhText a978-979-22-8841-4 aCet. 5 aEnid Blyton a20240926081425 aJakartabGramedia Pustaka Utamac2012 aIndonesia a823 a320 hlm :c18 cm atext